| 000 | 00363nam a2200145Ia 4500 | ||
|---|---|---|---|
| 005 | 20240814120921.0 | ||
| 008 | 240813s9999||||xx |||||||||||||| ||und|| | ||
| 082 | _a812.54 ALB | ||
| 100 | _aAlbee, Edward | ||
| 245 | 0 | _aWho's Afraid of virginia woolf? | |
| 260 |
_aU.S.A. _bPenguin Books _c1967 |
||
| 300 | _a140p. | ||
| 650 | _aAmerican literature | ||
| 942 | _cBK | ||
| 999 |
_c18668 _d18668 |
||